KOHA-Header-6

Quality A Critical Introduction (Record no. 8314)

000 -LEADER
fixed length control field 00268nam a2200109Ia 4500
100 ## - MAIN ENTRY--AUTHOR NAME
Personal name John Beckford
245 #0 - TITLE STATEMENT
Title Quality A Critical Introduction
260 ## - PUBLICATION, DISTRIBUTION, ETC. (IMPRINT)
Place of publication london
Name of publisher McGraw Hill
Year of publication 2003
300 ## - PHYSICAL DESCRIPTION
Number of Pages 787
942 ## - ADDED ENTRY ELEMENTS (KOHA)
Koha item type Books
Holdings
Withdrawn status Lost status Collection code Permanent Location Current Location Shelving location Date acquired Full call number Accession Number Koha item type
    Management MAJU MAJU   2019-09-13 657.2 2951 Management

Powered by Koha